| 000 | 00316nam a22001097a 4500 | ||
|---|---|---|---|
| 008 | 230605b xxu||||| |||| 00| 0 eng d | ||
| 082 |
_a328.775 _bW819 |
||
| 110 |
_bJoint committee on Legislative Organization _cWisconsin Legislature |
||
| 245 |
_aState of Wiscoin Blue Book _b2009-2010 |
||
| 300 | _a980p | ||
| 942 |
_2ddc _cBK |
||
| 999 |
_c264 _d264 |
||